Statistics for European countries in Latvian

Click here to take the quiz!

General Stats

  • This quiz has been taken 46 times
  • The average score is 40 of 47

Answer Stats

HintAnswer% Correct
AlbānijaAlbania
100%
AndoraAndorra
98%
AustrijaAustria
98%
BeļģijaBelgium
98%
BulgārijaBulgaria
98%
Bosnija un HercegovinaBosnia
95%
BaltkrievijaBelarus
93%
FrancijaFrance
90%
GrieķijaGreece
90%
ĪrijaIreland
90%
ItālijaItaly
90%
NīderlandeNetherlands
90%
Apvienotā KaralisteUnited Kingdom
90%
DānijaDenmark
88%
IslandeIceland
88%
KosovaKosovo
88%
LatvijaLatvia
88%
LietuvaLithuania
88%
LuksemburgaLuxembourg
88%
MaltaMalta
88%
MoldovaMoldova
88%
HorvātijaCroatia
85%
MonakoMonaco
85%
NorvēģijaNorway
85%
PolijaPoland
85%
PortugālePortugal
85%
RumānijaRomania
85%
SerbijaSerbia
85%
SlovākijaSlovakia
85%
SlovēnijaSlovenia
85%
SpānijaSpain
85%
UkrainaUkraine
85%
KipraCyprus
83%
ČehijaCzechia
83%
SanmarīnoSan Marino
83%
ZviedrijaSweden
83%
TurcijaTurkey
83%
UngārijaHungary
80%
VatikānsVatican
80%
IgaunijaEstonia
78%
KrievijaRussia
78%
ŠveiceSwitzerland
78%
LihtenšteinaLiechtenstein
75%
MelnkalneMontenegro
75%
SomijaFinland
73%
ZiemeļmaķedonijaNorth Macedonia
73%
VācijaGermany
55%

Score Distribution

Percentile by Number Answered

Percent of People with Each Score

Your Score History

You have not taken this quiz